Chillwagon - "Chillwagon" - Statystyki

Ogólne statystyki
  • Ten quiz został rozwiązany 23 razy
  • Średni wynik to 8 z 10
Statystyki odpowiedzi
# Odpowiedź % Poprawnych
1. chillwagon
94%
7. @
88%
9. jolka
88%
6. góra trupów
82%
3. kwit
82%
5. rower
82%
2. flaga
76%
4. stukupuku
76%
10. tęczowy music box
65%
8. wowowo - remix
53%
Nie znaleziono quizów pasujących do podanych kryteriów
Rozkład punktacji
Procent ludzi z każdym wynikiem
Percentyl według liczby udzielonych odpowiedzi
Twoja historia wyników
Nie rozwiązałeś tego quizu